Вестник Международной академии холода. 2020, № 4 (Запись № 12201245)

Подробности
000 -МАРКЕР
контрольное поле 00980nam2a2200205 4500
001 - ИДЕНТИФИКАТОР ЗАПИСИ
контрольное поле RU\NLR\PER_A\002523976_001090
005 - ИДЕНТИФИКАТОР ВЕРСИИ
контрольное поле 20250624051148.0
035 ## - ДРУГИЕ СИСТЕМНЫЕ НОМЕРА
Идентификатор записи (NLR Aleph) 012495410
100 ## - ДАННЫЕ ОБЩЕЙ ОБРАБОТКИ
Данные общей обработки 20210405d2020 |||y0rusy50 ca
101 0# - ЯЗЫК РЕСУРСА
Язык текста, звукозаписи и т.д. русский
102 ## - СТРАНА ПУБЛИКАЦИИ ИЛИ ПРОИЗВОДСТВА
Страна публикации Российская Федерация
200 0# - ЗАГЛАВИЕ И СВЕДЕНИЯ ОБ ОТВЕТСТВЕННОСТИ
Основное заглавие 2020, № 4
210 ## - ПУБЛИКАЦИЯ, РАСПРОСТРАНЕНИЕ И ДР.
Дата издания, распространения и т.д. 2020
Место издания, распространения и т.д. Б. м.
461 #0 - УРОВЕНЬ НАБОРА
Встроенное поле 001RU\NLR\INFOCOMM19\1000062179
-- 2001#$aВестник Международной академии холода$dBulletin of the International academy of refrigeration$eНауч.-теорет. журн.$zeng$v2020, № 4
Системный номер (АБИС) связанной записи 2788959
Автор Международная академия холода (Санкт-Петербург)
Место публикации СПб.
Дата публикации 1998 -
Параллельное заглавие Bulletin of the International academy of refrigeration
Имя издателя, распространителя и т.д. Б. и.
Сведения, относящиеся к заглавию Науч.-теорет. журн.
Заглавие Вестник Международной академии холода
Номер тома 2020, № 4
852 ## - МЕСТОНАХОЖДЕНИЕ И ШИФР ХРАНЕНИЯ
Идентификатор организации NLR
Шифр хранения (Call Number) П11/4168
942 ## - ДОПОЛНИТЕЛЬНЫЕ ЭЛЕМЕНТЫ ЗАПИСИ (АБИС)
Тип экземпляра АБИС Выпуск
980 ## - КОЛЛЕКЦИЯ
Название коллекции Национальная библиография
980 ## - КОЛЛЕКЦИЯ
Название коллекции Русская периодика

Нет доступных экземпляров.